00777nam a2200241Ia 4500008004100000020001800041100002000059245004300079245004500122245006100167260001500228260002000243260000900263300001600272300002700288300001100315500012000326650001300446650002400459650002200483650002200505700000800527160803s9999 xx 000 0 und d a9780590040419 aRylant, Cynthia aHenry and Mudge in the family trees :  bthe fifteenth book of their adventures / cstory by Cynthia Rylant ; pictures by Suçie Stevenson. aNew York : bScholastic Inc. c1997 a40 pages :  bcolor illustrations ;  c23 cm. a"Published by Scholastic Inc ..., by arrangement with Simon & Schuster Books for Young Readers."--Title page verso. aDogs --  aFamily reunions --  xJuvenile fiction. xJuvenile fiction. a460